000 00542nam a2200193Ia 4500
005 20250508152628.0
008 008 250505s9999 xx 000 0 eng d
037 _aTextual
040 _aFEDL
_beng
_cFEDL
041 _aeng
_2eng
084 _a370.19, BAT
_qFEDL
100 _aBatten T.R.
_9761523
245 0 _aSchool and community in the tropics
260 _aLondon, UK
_bOxford University Press
_c1959
300 _a177p.
650 _aEducation-Sociology
942 _cTEXL
_h370.19, BAT
999 _c1337692
_d1337692